Studien zur Geschichte der holländischen Malerei (Record no. 5513)

MARC details
000 -CABECERA
campo de control de longitud fija 00622nam a2200217 a 4500
001 - NÚMERO DE CONTROL
campo de control BRCA_5824
005 - FECHA Y HORA DE LA ÚLTIMA TRANSACCIÓN
campo de control 20190320205229.0
008 - DATOS DE LONGITUD FIJA--INFORMACIÓN GENERAL
campo de control de longitud fija 110311s1883----gw-#######---#000-0#ger-#
041 ## - CÓDIGO DE LENGUA
Código de lengua del texto/banda sonora o título independiente ger
044 ## - CÓDIGO DEL PAÍS DE LA ENTIDAD EDITORA/PRODUCTORA
Código MARC del país gw
050 #4 - SIGNATURA TOPOGRÁFICA DE LA BIBLIOTECA DEL CONGRESO
Número de clasificación ND641
Número de documento/Ítem .B63 1883
100 1# - ENTRADA PRINCIPAL--NOMBRE DE PERSONA
Nombre de persona Bode, Wilhelm
Fechas asociadas al nombre 1845-1929
9 (RLIN) 14673
245 10 - MENCIÓN DE TÍTULO
Título Studien zur Geschichte der holländischen Malerei
Mención de responsabilidad, etc. von Wilhelm Bode.
260 ## - PUBLICACIÓN, DISTRIBUCIÓN, ETC.
Lugar de publicación, distribución, etc. Braunschweig, Alemania
Nombre del editor, distribuidor, etc. Friedrich Vieweg und Sohn
Fecha de publicación, distribución, etc. 1883
300 ## - DESCRIPCIÓN FÍSICA
Extensión 646 p.
Dimensiones 20 cm.
500 ## - NOTA GENERAL
Nota general G34
650 14 - PUNTO DE ACCESO ADICIONAL DE MATERIA--TÉRMINO DE MATERIA
Término de materia o nombre geográfico como elemento de entrada Pintura holandesa
Subdivisión general Historia
9 (RLIN) 14750
650 14 - PUNTO DE ACCESO ADICIONAL DE MATERIA--TÉRMINO DE MATERIA
Término de materia o nombre geográfico como elemento de entrada Pintores holandeses
9 (RLIN) 14751
902 ## - CATALOGADOR
Iniciales GFM
942 ## - ELEMENTOS DE PUNTO DE ACCESO ADICIONAL (KOHA)
Fuente del sistema de clasificación o colocación Library of Congress Classification
Tipo de ítem Koha Libros
Holdings
Estado de retiro Estado de pérdida Estado dañado No para préstamo Localización permanente Ubicación/localización actual Fecha de adquisición Número de inventario Total de préstamos Signatura topográfica completa Código de barras Fecha visto por última vez Precio válido a partir de Tipo de ítem Koha
El ejemplar forma parte de la colección y puede ser consultado según las políticas vigentes.       Biblioteca del Museo Franz Mayer (Rogerio Casas-Alatriste) Biblioteca del Museo Franz Mayer (Rogerio Casas-Alatriste) 11/03/2011 G34   ND641 .B63 1883 (G34) 6263 22/03/2019 22/03/2019 Libros